01185nam a2200265 a 450000100060000000300080000600500170001400800410003103500190007204000350009104100080012608200290013410000330016324501650019626000800036130000410044150200840048250400300056665000510059670000400064770000520068794200130073999900170075295201500076980288BD-RjUL20230405110303.0220904s2005 bg a|||| m||| 00| 0 eng d a(BD-RjUL)80288 aBD-RjULbengcBD-RjULdBD-RjUL aeng 223a338.093727bSIB 2005 aSiddiquee, Noman Ahmad9461010aBreeding Biology of Some Commercial Fishes of the Bay of Bengal /cNoman Ahmad Siddiquee6Supervisors : Selina Parween, Co-Supervisors : Yusuf Sharif Ahmed Khan aRajshahi :bInstitute of Biological Sciences, University of Rajshahi,c2005 a[7], vii, 97 leaves :bill.;c29 cm. aThesis(M.Phil.)-- Institute of Biological Sciences, University of Rajshahi,2005 aReferences : leaves 72-78 aProduction of fishingxCommercial Fishes94611 aParween, Selina, Supervisors 94612 aKhan, Yusuf Sharif Ahmed, Co-Supervisors 94613 2ddccTHE c80288d80288 102ddc40718THESESaRUCLbRUCLcDoc/Thed2006-05-21eController of Exam. R.U.l0oTHE 338.093727 SIB 2005pD2492r2022-09-04 00:00:00tC-1yTHE